000 00408nam a2200169Ia 4500
008 230524s9999 xx 000 0 und d
020 _a8121900948
082 _a621.385
_bTHE
100 _aB.L.Theraja
245 0 _aBasic Electronics (Solid State)
250 _a1ST
260 _aNEW DELHI
_bS.Chand
_c2005
300 _aXVII;636
500 _aQuantity Number: 16
650 _aElectronics
942 _cBK
999 _c4424
_d4424